Motivácia študentov k dobrovoľníctvu bakalárska práca

Na minha lista:
Detalhes bibliográficos
Autor principal: Lišocká, Patrícia
Autor Corporativo: Národohospodárska fakulta EU. Katedra sociálneho rozvoja a práce
Outros Autores: Klimko, Roman, 1985-
Formato: Livro
Idioma:eslovaco
Publicado em: Bratislava 2021
Tags: Adicionar Tag
Sem tags, seja o primeiro a adicionar uma tag!

MARC

LEADER 00000nbm a2200000 4500
001 0275244
005 20220121101731.1
041 0 |a slo 
044 |a SK 
245 1 0 |a Motivácia študentov k dobrovoľníctvu  |b bakalárska práca  |c Patrícia Lišocká ; školiteľ: Roman Klimko 
264 1 |a Bratislava  |c 2021 
300 |a 45 s. 
100 1 |a Lišocká, Patrícia 
700 1 |a Klimko, Roman, 1985- 
710 2 |a Národohospodárska fakulta EU. Katedra sociálneho rozvoja a práce